Central Library OPAC University of Rajshahi

The concise AACR2 : (Record no. 40873)

MARC details
000 -LEADER
fixed length control field 00970nam a2200313 a 4500
001 - CONTROL NUMBER
control field 40873
003 - CONTROL NUMBER IDENTIFIER
rucl marc code BD-RjUL
005 - DATE AND TIME OF LATEST TRANSACTION
control field 20211209053305.0
008 - FIXED-LENGTH DATA ELEMENTS--GENERAL INFORMATION
fixed length control field 160511s1981 ilu 001 0 eng
020 ## - INTERNATIONAL STANDARD BOOK NUMBER
International Standard Book Number 0853657335
035 ## - SYSTEM CONTROL NUMBER
System control number MITb10125894
System control number (OCoLC)07452872
System control number (BD-RjUL)40989
040 ## - CATALOGING SOURCE
Original cataloging agency DLC
Transcribing agency DLC
Modifying agency CHS
-- OCL
-- MYG
-- BD-RjUL
Language of cataloging eng
041 ## - LANGUAGE CODE
Language code of text/sound track or separate title eng
082 ## - DEWEY DECIMAL CLASSIFICATION NUMBER
Edition number 22
Classification number 025.32
Author mark and year GOC 1981
099 ## - LOCAL FREE-TEXT CALL NUMBER (OCLC)
Bangla Class number Z694.G64
100 1# - MAIN ENTRY--PERSONAL NAME
Personal name Gorman, Michael,
Dates associated with a name 1941-
9 (RLIN) 125790
245 14 - TITLE STATEMENT
Title The concise AACR2 :
Remainder of title being a rewritten and simplified version of Anglo-American cataloguing rules /
Statement of responsibility, etc. prepared by Michael Gorman.
250 ## - EDITION STATEMENT
Edition statement 2nd ed.
260 ## - PUBLICATION, DISTRIBUTION, ETC. (IMPRINT)
Place of publication, distribution, etc. New Delhi :
Name of publisher, distributor, etc. Oxford & IHB publishing,
Date of publication, distribution, etc. 1981.
300 ## - PHYSICAL DESCRIPTION
Pagination ix, 164 p. ;
Size 23 cm.
500 ## - GENERAL NOTE
General note Includes index.
650 #0 - SUBJECT ADDED ENTRY--TOPICAL TERM
Topical term or geographic name as entry element Descriptive cataloging
Form subdivision Rules.
9 (RLIN) 125791
942 ## - ADDED ENTRY ELEMENTS (KOHA)
Source of classification or shelving scheme Dewey Decimal Classification
Koha item type Books
Holdings
Lost status Source of classification or shelving scheme Damaged status Not for loan Collection code Permanent Location Current Location Shelving location Date acquired Source of acquisition Cost, normal purchase price Total Checkouts Full call number Date last seen Copy number Koha item type
  Dewey Decimal Classification     Non-fiction Central Library, University of Rajshahi Central Library, University of Rajshahi   06/06/1999 Ankur Prokasoni, Dhaka 80.00   025.32 GOC 1981 11/05/2016 C-2 Books
  Dewey Decimal Classification   Not For Loan Non-fiction Central Library, University of Rajshahi Central Library, University of Rajshahi Reading Room 24/06/1997 Paragogn Enterprise, Dhaka 300.00   025.32 GOC 1981 11/05/2016 C-1 Books
  Dewey Decimal Classification     Non-fiction Central Library, University of Rajshahi Central Library, University of Rajshahi   24/06/1997 Paragogn Enterprise, Dhaka 300.00   025.32 GOC 1981 11/05/2016 C-3 Books
  Dewey Decimal Classification     Non-fiction Central Library, University of Rajshahi Central Library, University of Rajshahi   24/06/1997 Paragogn Enterprise, Dhaka 300.00   025.32 GOC 1981 11/05/2016 C-4 Books
  Dewey Decimal Classification     Non-fiction Central Library, University of Rajshahi Central Library, University of Rajshahi   28/12/1988 Asia foundation     025.32 GOC 1981 03/12/2016 C-5 Books